MyGZULibrary

Readings in the philosophy of law / (Record no. 10289)

MARC details
000 -LEADER
fixed length control field 01269pam a2200361 i 4500
001 - CONTROL NUMBER
control field 19772823
003 - CONTROL NUMBER IDENTIFIER
control field K235 REA 2017
005 - DATE AND TIME OF LATEST TRANSACTION
control field 20220112095222.0
008 - FIXED-LENGTH DATA ELEMENTS--GENERAL INFORMATION
fixed length control field 170707s2017 onc b 000 0 eng
010 ## - LIBRARY OF CONGRESS CONTROL NUMBER
LC control number 2016299799
020 ## - INTERNATIONAL STANDARD BOOK NUMBER
International Standard Book Number 9781554812523 (paperback)
020 ## - INTERNATIONAL STANDARD BOOK NUMBER
International Standard Book Number 1554812526 (paperback)
040 ## - CATALOGING SOURCE
Original cataloging agency DLC
Language of cataloging eng
Description conventions rda
Transcribing agency DLC
042 ## - AUTHENTICATION CODE
Authentication code pcc
050 00 - LIBRARY OF CONGRESS CALL NUMBER
Classification number K235
Item number .R3915 2017
245 00 - TITLE STATEMENT
Title Readings in the philosophy of law /
Statement of responsibility, etc. edited by Keith C. Culver and Michael Giudice.
250 ## - EDITION STATEMENT
Edition statement Third edition.
264 #1 - PRODUCTION, PUBLICATION, DISTRIBUTION, MANUFACTURE, AND COPYRIGHT NOTICE
Place of production, publication, distribution, manufacture Peterborough, Ontario :
Name of producer, publisher, distributor, manufacturer Broadview Press,
Date of production, publication, distribution, manufacture, or copyright notice [2017]
300 ## - PHYSICAL DESCRIPTION
Extent 505 pages ;
Dimensions 24 cm.
336 ## - CONTENT TYPE
Content type term text
Content type code txt
Source rdacontent
337 ## - MEDIA TYPE
Media type term unmediated
Media type code n
Source rdamedia
338 ## - CARRIER TYPE
Carrier type term volume
Carrier type code nc
Source rdacarrier
490 0# - SERIES STATEMENT
Series statement Broadview readings in philosophy
500 ## - GENERAL NOTE
General note Includes bibliographical references.
504 ## - BIBLIOGRAPHY, ETC. NOTE
Bibliography, etc. note Includes bibliographical references.
650 #0 - SUBJECT ADDED ENTRY--TOPICAL TERM
Topical term or geographic name entry element Law
General subdivision Philosophy
Form subdivision Textbooks.
650 #0 - SUBJECT ADDED ENTRY--TOPICAL TERM
Topical term or geographic name entry element Common law
Form subdivision Textbooks.
700 1# - ADDED ENTRY--PERSONAL NAME
Personal name Culver, Keith Charles,
Dates associated with a name 1969-
Relator term editor.
700 1# - ADDED ENTRY--PERSONAL NAME
Personal name Giudice, Michael,
Dates associated with a name 1978-
Relator term editor.
906 ## - LOCAL DATA ELEMENT F, LDF (RLIN)
a 7
b cbc
c origcop
d 2
e ncip
f 20
g y-gencatlg
942 ## - ADDED ENTRY ELEMENTS (KOHA)
Source of classification or shelving scheme Library of Congress Classification
Koha item type Books
Edition 3rd ed
Classification part 235
Item part REA
Call number prefix K
Holdings
Withdrawn status Lost status Damaged status Not for loan Collection code Home library Current library Shelving location Date acquired Total Checkouts Full call number Barcode Date last seen Date last checked out Copy number Price effective from Koha item type Source of acquisition Inventory number
        Non-fiction Law Library Law Library General Stacks 01/12/2022 3 K235 REA 2017 031859 10/07/2024 09/23/2024 c.1 01/12/2022 Books    
        Non-fiction Law Library Law Library General Stacks 01/26/2022   K235REA 2017 031896 01/31/2022   C2 01/31/2022 Books Donated by RAU 031896